000 01093nam a22002657a 4500
005 2011080406576.0
008 090728t xxu||||| |||| 00| 0 pun d
010 _aPUN-7101
020 _c30.00
035 _aPN-6219
037 _bDBAD / PUB
040 _adpl
_bpn
082 _a954.022
100 _924414
_aਤਾਰਾ ਸਿੰਘ
245 _aਬਾਬਾ ਤੇਗ਼ਾ ਸਿੰਘ /
_bਤਾਰਾ ਸਿੰਘ
246 _aBaba Tegga Singh
_bby Tara Singh
260 _aਅੰਮ੍ਰਿਤਸਰ
_bਧਰਮ ਪ੍ਰਚਾਰ ਕਮੇਟੀ (ਸ਼੍ਰੋਮਣੀ ਗੁਰਦੁਆਰਾ ਪ੍ਰਬੰਧਕ ਕਮੇਟੀ)
_c2009
270 _aS.G.P.C.
_bAmritsar
_e143002
300 4 _a136p.
_c22ਸੇਂਮੀ (ਸਜਿਲੱਦ)
600 _931401
650 _935484
700 _935472
942 _2ddc
_cPN
_h954.022
_mਤਾਰਾਸਿੰ
999 _c57579
_d57579